|
|
|
|
| LEADER |
00874pam a22002538a 4500 |
| 001 |
00022435 |
| 005 |
20171026081023.0 |
| 008 |
110530s1986 ||||||Viesd |
| 041 |
0 |
# |
|a Vie
|
| 082 |
1 |
4 |
|a 895.922 13
|b T527T
|
| 100 |
0 |
# |
|a Hoàng Anh Nhân
|e tuyển lựa và giới thiệu
|
| 245 |
0 |
0 |
|a Tuyển tập truyện thơ Mường
|c Hoàng Anh Nhân
|n T.1
|
| 260 |
# |
# |
|a H.
|b Khoa học xã hội
|c 1986
|
| 300 |
# |
# |
|a 482 tr.
|c 19 cm.
|
| 490 |
0 |
# |
|a ĐTTS ghi : Sở văn hóa và thông tin Thanh Hóa
|
| 650 |
# |
4 |
|a Dân tộc Mường
|
| 650 |
# |
4 |
|a Thơ
|
| 653 |
# |
# |
|a Việt Nam
|
| 852 |
# |
# |
|b Kho mượn
|j KM.0011445
|
| 852 |
# |
# |
|b Kho đọc
|j KD.0007706
|
| 852 |
# |
# |
|j KD.0007706
|j KM.0011445
|
| 910 |
0 |
# |
|a kìm
|d 30/05/2011
|
| 980 |
# |
# |
|a Trung tâm Học liệu Lê Vũ Hùng, Trường Đại học Đồng Tháp
|